| 000 | 00506nam a2200193Ia 4500 | ||
|---|---|---|---|
| 005 | 20240823052619.0 | ||
| 008 | 240823s9999||||xx |||||||||||||| ||und|| | ||
| 020 | _a978-981-4273-38-1 | ||
| 041 | _aENGLISH | ||
| 082 | _A006.4 Q0 | ||
| 100 | _aChen C H | ||
| 245 | 0 | _aHandbook of Pattern Recognition and Computer Vision | |
| 250 | _a4th | ||
| 260 |
_c2010 _b"World Scientific,Singapore" |
||
| 500 | _aTRANSFERED | ||
| 650 |
_aPattern Recognition _bComputer Science |
||
| 942 | _cBK | ||
| 999 |
_c222282 _d222282 |
||